A Text Book of Railway Engineering (Record no. 195409)

MARC details
000 -LEADER
fixed length control field 00488nam a2200205Ia 4500
008 - FIXED-LENGTH DATA ELEMENTS--GENERAL INFORMATION
fixed length control field 240823s9999||||xx |||||||||||||| ||und||
020 ## - INTERNATIONAL STANDARD BOOK NUMBER
International Standard Book Number 978-81-89928-83-4
082 ## - DEWEY DECIMAL CLASSIFICATION NUMBER
-- 625 Q2
100 ## - MAIN ENTRY--PERSONAL NAME
Personal name Saxena S C
245 #2 - TITLE STATEMENT
Title A Text Book of Railway Engineering
250 ## - EDITION STATEMENT
Edition statement 7th
260 ## - PUBLICATION, DISTRIBUTION, ETC. (IMPRINT)
Date of publication, distribution, etc 2012
Name of publisher, distributor, etc "Dhanpat Rai ,New"
500 ## - GENERAL NOTE
General note YES
650 ## - SUBJECT ADDED ENTRY--TOPICAL TERM
Topical term or geographic name as entry element Railway Engineering
700 ## - ADDED ENTRY--PERSONAL NAME
Personal name Arora S P
942 ## - ADDED ENTRY ELEMENTS (KOHA)
Item type Books
Holdings
Withdrawn status Lost status Damaged status Permanent location Current location Shelving location Date acquired Source of acquisition Cost, normal purchase price Full call number Barcode Date last seen Koha item type
      CENTRAL LIBRARY, NOORUL ISLAM CENTRE FOR HIGHER EDUCATION CENTRAL LIBRARY, NOORUL ISLAM CENTRE FOR HIGHER EDUCATION   03/26/2013 Higginbothams Private Ltd 325.00 625 Q2 47130 08/23/2024 Books
Visitors:
Copyright © 2024 Central Library NICHE.  All rights reserved.